[Event "HUN-chT2 Toth 1415"]
[Site "Hungary"]
[Date "2014.09.07"]
[Round "1.7"]
[White "Molnar, Laszlo"]
[Black "Lenart, Janos"]
[Result "1/2-1/2"]
[WhiteElo "2188"]
[BlackElo "2035"]
[PlyCount "62"]
[EventDate "2014.09.07"]
[EventType "team-tourn"]
[EventRounds "11"]
[EventCountry "HUN"]
[SourceTitle "EXT 2016"]
[Source "ChessBase"]
[SourceDate "2015.10.08"]
[SourceVersion "1"]
[SourceVersionDate "2015.10.08"]
[SourceQuality "1"]
[WhiteTeam "Ujszasz"]
[BlackTeam "Takisz"]
[WhiteTeamCountry "HUN"]
[BlackTeamCountry "HUN"]

1. d4 d5 2. c4 c6 3. Nf3 e6 4. Qc2 f5 5. g3 Nf6 6. Bg2 Be7 7. 0-0 0-0 8. b3 Bd7 9. Ne5 Be8 10. Ba3 Nbd7 11. cxd5 cxd5 12. Bxe7 Qxe7 13. Qc7 Qb4 14. Nxd7 Bxd7 15. Qc3 Qb6 16. Nd2 Ne4 17. Nxe4 fxe4 18. Rac1 Rac8 19. Qd2 Bb5 20. Rfe1 Rxc1 21. Rxc1 Bd7 22. e3 Rc8 23. Rxc8+ Bxc8 24. Qc3 Bd7 25. b4 Kf7 26. Bf1 Qc6 27. Qxc6 Bxc6 28. f3 exf3 29. Kf2 Ke7 30. h4 Ba4 31. Bh3 Kf6 1/2-1/2

[Event "HUN-chT2 Toth 1314"]
[Site "Hungary"]
[Date "2014.04.13"]
[Round "10.6"]
[White "Molnar, Laszlo"]
[Black "Lenart, Janos"]
[Result "1-0"]
[WhiteElo "2190"]
[BlackElo "2048"]
[PlyCount "33"]
[EventDate "2013.09.08"]
[EventType "team-tourn"]
[EventRounds "11"]
[EventCountry "HUN"]
[SourceTitle "EXT 2016"]
[Source "ChessBase"]
[SourceDate "2015.10.08"]
[SourceVersion "1"]
[SourceVersionDate "2015.10.08"]
[SourceQuality "1"]
[WhiteTeam "Ujszasz"]
[BlackTeam "Kecskemet Takisz"]
[WhiteTeamCountry "HUN"]
[BlackTeamCountry "HUN"]

1. d4 d5 2. Nf3 e6 3. c4 c6 4. cxd5 cxd5 5. Nc3 Nf6 6. Bg5 Be7 7. e3 Nc6 8. Bd3 0-0 9. 0-0 Bd7 10. Rc1 Rc8 11. a3 a6 12. Na4 Ne4 13. Bxe7 Qxe7 14. b4 a5 15. Nb6 Rcd8 16. b5 Nb8 17. Qa4 1-0

[Event "HUN-chT2 Toth 1112"]
[Site "Hungary"]
[Date "2011.11.27"]
[Round "4.8"]
[White "Lenart, Janos"]
[Black "Botta, Tibor"]
[Result "1/2-1/2"]
[WhiteElo "2049"]
[BlackElo "1942"]
[PlyCount "49"]
[EventDate "2011.09.25"]
[EventType "team-tourn"]
[EventRounds "11"]
[EventCountry "HUN"]
[SourceTitle "EXT 2013"]
[Source "ChessBase"]
[SourceDate "2012.11.22"]
[SourceVersion "1"]
[SourceVersionDate "2012.11.22"]
[SourceQuality "1"]
[WhiteTeam "Toth Laszlo"]
[BlackTeam "Takisz"]
[WhiteTeamCountry "HUN"]
[BlackTeamCountry "HUN"]

1. c4 e5 2. Nc3 c5 3. g3 Nf6 4. Bg2 Nc6 5. d3 h6 6. Nd5 Be7 7. e3 d6 8. Ne2 0-0 9. 0-0 Bg4 10. a3 Nxd5 11. cxd5 Nb8 12. h3 Bxe2 13. Qxe2 Nd7 14. Bd2 Rc8 15. Bc3 Bf6 16. h4 b6 17. Bh3 Rc7 18. h5 Re8 19. Rfe1 Nf8 20. Bf5 Nh7 21. Rac1 Qa8 22. e4 Bg5 23. Rc2 Bf6 24. f4 Qd8 25. Bxh7+ 1/2-1/2

[Event "HUN-chT2 Toth 0809"]
[Site "Hungary"]
[Date "2009.02.22"]
[Round "8.9"]
[White "Magi, Tibor"]
[Black "Lenart, Janos"]
[Result "0-1"]
[WhiteElo "1878"]
[BlackElo "2045"]
[PlyCount "113"]
[EventDate "2008.10.26"]
[EventType "team-tourn"]
[EventRounds "11"]
[EventCountry "HUN"]
[SourceTitle "EXT 2010"]
[Source "ChessBase"]
[SourceDate "2010.11.25"]
[SourceVersion "1"]
[SourceVersionDate "2010.11.25"]
[SourceQuality "1"]
[WhiteTeam "Nadudvar"]
[BlackTeam "Takisz"]
[WhiteTeamCountry "HUN"]
[BlackTeamCountry "HUN"]

1. e4 e5 2. Nc3 d6 3. Nf3 c6 4. a4 Be7 5. d4 Nd7 6. Bc4 h6 7. 0-0 Ngf6 8. Qe2 0-0 9. d5 Nb6 10. Bb3 cxd5 11. exd5 Bg4 12. h3 Bh5 13. a5 Nbd7 14. g4 Bg6 15. Kh1 Nc5 16. Bc4 Rc8 17. b3 h5 18. g5 Nfe4 19. Nxe4 Bxe4 20. Rg1 Qd7 21. Kh2 f5 22. Ne1 f4 23. Qxh5 g6 24. Qd1 Rf7 25. Be2 Rh7 26. Bg4 Bf5 27. Bxf5 gxf5 28. f3 Kg7 29. Kg2 Bxg5 30. Kf1 Kf6 31. c4 Rxh3 32. Ra2 Bh4 33. Bxf4 Qh7 34. Rag2 Bxe1 35. Kxe1 Rh1 36. Ke2 Rxg1 37. Bg5+ Kf7 38. Qxg1 f4 39. Rh2 Qc2+ 40. Kf1 Qd1+ 41. Kg2 Qxg1+ 42. Kxg1 Rg8 43. Rg2 Nxb3 44. Kf1 Nxa5 45. c5 dxc5 46. Ke2 Nc4 47. Kd3 Nd6 48. Rg4 b5 49. Be7 Rxg4 50. Bxd6 c4+ 51. Ke4 Rg1 52. Bb4 Kf6 53. Bc3 Rg5 54. Ba5 Rg7 55. Bd8+ Kf7 56. Ba5 Rg2 57. Kf5 0-1